Technické zariadenia využívajúce obnoviteľné zdroje energie - Solárne kolektory
Guardado en:
| Autor principal: | |
|---|---|
| Otros Autores: | |
| Formato: | Manuscrito Libro |
| Lenguaje: | eslovaco |
| Publicado: |
2016
|
| Materias: | |
| Acceso en línea: | http://is.stuba.sk/zp/portal_zp.pl?podrobnosti=128564 |
| Etiquetas: |
Sin Etiquetas, Sea el primero en etiquetar este registro!
|
MARC
| LEADER | 00000ntm a22000003a 4500 | ||
|---|---|---|---|
| 001 | stuzp56981 | ||
| 003 | SK-STU | ||
| 005 | 20160719155134.3 | ||
| 007 | ta | ||
| 008 | 150427s2015----xo-----f-mn---000-0-slo-d | ||
| 040 | |a STU |b slo | ||
| 041 | 0 | |a slo | |
| 100 | 1 | |a Porkert, Jakub |u 020020 |4 aut |U SjF Strojnícka fakulta |T SjF Ústav automatizácie, merania a aplikovanej informatiky |X 63047 |U J0020 |Y 802 |7 63047 | |
| 242 | 0 | 1 | |a Technical devices using renewable energy sources – Solar collector |y eng |
| 245 | 1 | 0 | |a Technické zariadenia využívajúce obnoviteľné zdroje energie - Solárne kolektory |
| 260 | |c 2016 | ||
| 650 | 4 | |a obnoviteľný zdroj energie |2 slo | |
| 650 | 4 | |a slnečná energia |2 slo | |
| 650 | 4 | |a solárny kolektor |2 slo | |
| 650 | 4 | |a plochý kolektor |2 slo | |
| 650 | 4 | |a koncentračný kolektor |2 slo | |
| 650 | 4 | |a solárny systém |2 slo | |
| 650 | 4 | |a riadenie solárnych systémov |2 slo | |
| 650 | 4 | |a control of solar systems |2 eng | |
| 650 | 4 | |a solar energy |2 eng | |
| 650 | 4 | |a solar system |2 eng | |
| 650 | 4 | |a flat plate collector |2 eng | |
| 650 | 4 | |a concentrating collector |2 eng | |
| 650 | 4 | |a renewable energy sources |2 eng | |
| 650 | 4 | |a solar collector |2 eng | |
| 700 | 1 | |a Végh, Peter |u 020020 |k Z1 |4 ths |U SjF Strojnícka fakulta |T SjF Ústav automatizácie, merania a aplikovanej informatiky |X 2327 |U J0020 |Y 802 |7 A000002327 | |
| 856 | 4 | |u http://is.stuba.sk/zp/portal_zp.pl?podrobnosti=128564 | |
| 996 | |b 284J044049 |c J* 2349/BP |l JJSK |s A |a 24 |w stuzp56981_0001 | ||
| SQL | |a stuzp56981 |b DBP |c SLO |d Technické zariadenia využívajúce obnoviteľné zdroje energie - Solárne kolektory |e 63047 |f Porkert, Jakub |g 020020 |h 2327 |i Végh, Peter |j 20160614 |k 646 |l 02 |m http://is.stuba.sk/zp/portal_zp.pl?podrobnosti=128564 |n B-AISP |o 5.2.14. automatizácia | ||